000
00299nam a2200109Ia 4500
008
171211s9999 xx 000 0 und d
245
_a
Animation: The Mechanics of Motion
245
_c
Chris Webster
260
_c
2005
650
_x
Drawing
856
_u
http://down.ebook777.com/008/9780240516660.pdf
999
_c
347998
_d
347998